African land development in Kenya : (Record no. 13520)
[ view plain ]
| 000 -LEADER | |
|---|---|
| fixed length control field | 00647nam a22001932 4500 |
| 001 - CONTROL NUMBER | |
| control field | 0000012828 |
| 005 - DATE AND TIME OF LATEST TRANSACTION | |
| control field | 20151217155852.0 |
| 008 - FIXED-LENGTH DATA ELEMENTS--GENERAL INFORMATION | |
| fixed length control field | 090322s xx 000 0 eng d |
| 040 ## - CATALOGING SOURCE | |
| Original cataloging agency | KABU |
| Transcribing agency | KABU |
| 245 10 - TITLE STATEMENT | |
| Title | African land development in Kenya : |
| Remainder of title | report of the Land Development Board for the financial year 1st July, 1958 to 30th June, 1959. |
| 250 ## - EDITION STATEMENT | |
| Edition statement | 1st ed. |
| 260 ## - PUBLICATION, DISTRIBUTION, ETC. (IMPRINT) | |
| Place of publication, distribution, etc. | Nairobi : |
| Name of publisher, distributor, etc. | Govt. Printer, |
| Date of publication, distribution, etc. | 1960. |
| 300 ## - PHYSICAL DESCRIPTION | |
| Extent | 91 p. |
| 650 #0 - SUBJECT ADDED ENTRY--TOPICAL TERM | |
| Topical term or geographic name as entry element | Land tenure |
| Geographic subdivision | Kenya. |
| -- | 0000151130 |
| 650 #0 - SUBJECT ADDED ENTRY--TOPICAL TERM | |
| Topical term or geographic name as entry element | Land settlement |
| Geographic subdivision | Kenya. |
| -- | 0000151121 |
| 852 1# - LOCATION | |
| -- | p200 KES |
| 908 ## - PUT COMMAND PARAMETER (RLIN) | |
| Put command parameter | 090322 |
| 950 ## - LOCAL HOLDINGS (RLIN) | |
| -- | 1 |
| Withdrawn status | Lost status | Source of classification or shelving scheme | Not for loan | Home library | Current library | Date acquired | Total Checkouts | Full call number | Barcode | Date last seen | Price effective from | Koha item type |
|---|---|---|---|---|---|---|---|---|---|---|---|---|
| Library of Congress Classification | Kabarak, Main Campus | Kabarak, Main Campus | 17/12/2015 | HD983 .A37 1960 c. 1 | 15913 | 17/12/2015 | 17/12/2015 | Africana Collection |